[Event "7. Rilton Cup 2007/2008"]
[Site "Stockholm SWE"]
[Date "2007.12.30"]
[Round "4.11"]
[White "Szabo, Krisztian"]
[Black "Nithander, Victor"]
[Result "1/2-1/2"]
[WhiteElo "2492"]
[BlackElo "2367"]
[PlyCount "140"]
[EventDate "2007.12.27"]
[EventType "swiss"]
[EventRounds "9"]
[EventCountry "SWE"]
[Source "lmi"]
[SourceDate "2008.12.27"]

1. e4 c5 2. Nf3 Nc6 3. d4 cxd4 4. Nxd4 Nf6 5. Nc3 e5 6. Ndb5 d6 7. Bg5 a6 8.
Na3 b5 9. Nd5 Be7 10. Bxf6 Bxf6 11. c3 O-O 12. Nc2 Rb8 13. Be2 Bg5 14. O-O a5
15. Na3 b4 16. Nb5 bxc3 17. bxc3 Ne7 18. c4 Nxd5 19. Qxd5 Be7 20. Qd3 Be6 21.
Nc3 Qd7 22. Nd5 Bxd5 23. Qxd5 Rb2 24. Bd1 Qa7 25. Ba4 Qc5 26. Qxc5 dxc5 27.
Rfb1 Rfb8 28. Bb5 Rxb1+ 29. Rxb1 Rb6 30. Kf1 g6 31. Rb3 Rd6 32. Ke2 Bg5 33. Ra3
Bd8 34. g3 Bc7 35. Rb3 Kg7 36. Ke3 Rf6 37. Rb2 Kf8 38. f3 Ke7 39. Rf2 Rd6 40.
h4 h6 41. Rf1 f6 42. f4 exf4+ 43. gxf4 Rd4 44. Rg1 Kf7 45. Bc6 Rd8 46. Bd5+ Kg7
47. Be6 g5 48. e5 fxe5 49. fxg5 hxg5 50. hxg5 Rd4 51. Bd5 Bd8 52. g6 Bh4 53.
Bf7 Rf4 54. Rg2 a4 55. Rb2 Bg5 56. Ke2 Re4+ 57. Kf3 Rf4+ 58. Ke2 Re4+ 59. Kf3
Rf4+ 60. Kg3 Bh4+ 61. Kh3 Bf6 62. Rb7 Kh6 63. Kg3 Bh4+ 64. Kg2 Bf6 65. Kg3 Bh4+
66. Kg2 Bf6 67. Rb1 Kg7 68. Kg3 Bh4+ 69. Kh3 Bf6 70. Be8 Kh6 1/2-1/2

[Event "7. Rilton Cup 2007/2008"]
[Site "Stockholm SWE"]
[Date "2007.12.30"]
[Round "4.12"]
[White "Ernst, Thomas"]
[Black "Blomqvist, Erik"]
[Result "1-0"]
[WhiteElo "2450"]
[BlackElo "2334"]
[PlyCount "53"]
[EventDate "2007.12.27"]
[EventType "swiss"]
[EventRounds "9"]
[EventCountry "SWE"]
[Source "lmi"]
[SourceDate "2008.12.27"]

1. d4 d5 2. c4 c6 3. Nf3 Nf6 4. Nc3 e6 5. Bg5 h6 6. Bh4 dxc4 7. e4 g5 8. Bg3 b5
9. Be2 Bb7 10. h4 g4 11. Ne5 Bg7 12. Bxg4 Nxg4 13. Qxg4 O-O 14. Bf4 f5 15. exf5
exf5 16. Qg3 Rf6 17. O-O Na6 18. Rad1 Nb4 19. a3 Nd5 20. Nxd5 Qxd5 21. Ng6 Kh7
22. h5 Re6 23. Be5 Rg8 24. Rfe1 Qd7 25. Bxg7 Rxe1+ 26. Rxe1 Qxg7 27. Qd6 1-0

[Event "7. Rilton Cup 2007/2008"]
[Site "Stockholm SWE"]
[Date "2007.12.30"]
[Round "4.13"]
[White "Furhoff, Johan"]
[Black "Karlsson, Tomas"]
[Result "1/2-1/2"]
[WhiteElo "2392"]
[BlackElo "2249"]
[PlyCount "82"]
[EventDate "2007.12.27"]
[EventType "swiss"]
[EventRounds "9"]
[EventCountry "SWE"]
[Source "lmi"]
[SourceDate "2008.12.27"]

1. e4 e6 2. d4 d5 3. Nd2 Nf6 4. e5 Nfd7 5. c3 c5 6. f4 Nc6 7. Ndf3 Qb6 8. a3 a5
9. h4 Be7 10. Nh3 cxd4 11. cxd4 Qd8 12. h5 h6 13. Nf2 a4 14. Be3 Nb6 15. Nd2
Na5 16. Qg4 Kf8 17. Rc1 Bd7 18. Bd3 Rc8 19. O-O Nac4 20. Nxc4 Nxc4 21. Bxc4
Rxc4 22. Rxc4 dxc4 23. Ne4 Kg8 24. Qe2 b5 25. Qc2 Qa8 26. Nc3 f5 27. g4 fxg4
28. Qg6 Qe8 29. Qxg4 Qf7 30. d5 Kh7 31. dxe6 Qxe6 32. Qxe6 Bxe6 33. f5 Bf7 34.
Rd1 Rd8 35. Rxd8 Bxd8 36. e6 Bxh5 37. Nd5 Bf6 38. Nxf6+ gxf6 39. Kf2 Kg7 40.
Kg3 Be8 41. Kg4 Bc6 1/2-1/2

[Event "7. Rilton Cup 2007/2008"]
[Site "Stockholm SWE"]
[Date "2007.12.30"]
[Round "4.18"]
[White "Henriksson, Johan"]
[Black "Berczes, Csaba"]
[Result "0-1"]
[WhiteElo "2197"]
[BlackElo "2419"]
[PlyCount "92"]
[EventDate "2007.12.27"]
[EventType "swiss"]
[EventRounds "9"]
[EventCountry "SWE"]
[Source "lmi"]
[SourceDate "2008.12.27"]

1. d4 Nf6 2. Nf3 e6 3. g3 d5 4. Bg2 Be7 5. O-O O-O 6. c4 b6 7. Nc3 Bb7 8. b3 c5
9. cxd5 exd5 10. Bb2 Re8 11. Rc1 Bf8 12. Na4 Na6 13. Ne5 Rc8 14. e3 Ne4 15.
dxc5 bxc5 16. Bxe4 dxe4 17. Nd7 Re6 18. Nxf8 Qxf8 19. Ba3 Rd6 20. Qe2 Rd3 21.
Rc4 Qd6 22. Rfc1 Rd2 23. Qe1 Rd5 24. b4 Rd8 25. Nxc5 Nxc5 26. bxc5 Qc6 27. Bb2
h5 28. Rd4 h4 29. Rcd1 h3 30. Qc3 f6 31. Rxd5 Rxd5 32. Qc4 Qe6 33. Rd4 Bc6 34.
a3 Qf5 35. Rxd5 Bxd5 36. Qe2 Bc6 37. Bd4 Be8 38. g4 Qd5 39. Qf1 Qa2 40. Qxh3
Bb5 41. Qh5 Qb1+ 42. Kg2 Qf1+ 43. Kg3 Qg1+ 44. Kf4 Qxf2+ 45. Kxe4 Qg2+ 46. Kf4
Bc6 0-1

[Event "7. Rilton Cup 2007/2008"]
[Site "Stockholm SWE"]
[Date "2007.12.30"]
[Round "4.20"]
[White "Mattsson, Michael"]
[Black "Ruck, Tamas"]
[Result "0-1"]
[WhiteElo "2047"]
[BlackElo "2343"]
[PlyCount "70"]
[EventDate "2007.12.27"]
[EventType "swiss"]
[EventRounds "9"]
[EventCountry "SWE"]
[Source "lmi"]
[SourceDate "2008.12.27"]

1. e4 d5 2. exd5 Qxd5 3. Nc3 Qa5 4. Bc4 Nf6 5. d3 c6 6. Bd2 Qc7 7. Nf3 Bg4 8.
h3 Bh5 9. g4 Bg6 10. Qe2 Nbd7 11. O-O-O Nb6 12. Qe5 Qxe5 13. Nxe5 Nfd7 14. Nxg6
hxg6 15. Bf4 Nxc4 16. dxc4 f6 17. Rd3 g5 18. Bc7 Rc8 19. Bh2 Nc5 20. Re3 e5 21.
Bxe5 fxe5 22. Rxe5+ Kf7 23. Rxg5 g6 24. Re5 Bd6 25. Re2 Bf4+ 26. Kb1 g5 27.
Rhe1 Rc7 28. b4 Rxh3 29. Kb2 Na6 30. a3 Rd7 31. Ne4 b6 32. b5 cxb5 33. cxb5 Nc7
34. c4 Ne6 35. Ng3 Nc5 0-1

[Event "7. Rilton Cup 2007/2008"]
[Site "Stockholm SWE"]
[Date "2007.12.30"]
[Round "4.21"]
[White "Vovk, Ilja"]
[Black "Jiretorn, Eva"]
[Result "0-1"]
[WhiteElo "2325"]
[BlackElo "2121"]
[PlyCount "120"]
[EventDate "2007.12.27"]
[EventType "swiss"]
[EventRounds "9"]
[EventCountry "SWE"]
[Source "lmi"]
[SourceDate "2008.12.27"]

1. d4 Nf6 2. c4 e5 3. dxe5 Ng4 4. Bf4 Nc6 5. Nf3 Bb4+ 6. Nbd2 Qe7 7. a3 Ngxe5
8. Nxe5 Nxe5 9. e3 Bxd2+ 10. Qxd2 d6 11. Be2 O-O 12. O-O b6 13. b4 c5 14. Rfd1
Rd8 15. bxc5 bxc5 16. Rab1 Be6 17. Qc3 f6 18. Rb5 Rab8 19. Rdb1 Qc7 20. h3 a6
21. R5b3 Nc6 22. Rxb8 Rxb8 23. Rd1 Ne5 24. Bg3 Qb6 25. f4 Nf7 26. Qd3 Qb3 27.
f5 Qxd3 28. Bxd3 Bd7 29. Be4 Rb6 30. Bd5 Kf8 31. e4 Ne5 32. Be1 Ke7 33. Ba5 Rb3
34. Bc7 Rxa3 35. Rb1 Bc6 36. Be6 Bxe4 37. Rb8 Nc6 38. Rg8 Rd3 39. Rxg7+ Ke8 40.
Rg8+ Ke7 41. Rg7+ Ke8 42. g4 a5 43. g5 Rg3+ 44. Kf2 Rxg5 45. Bd7+ Kf8 46. Rxg5
fxg5 47. Bxd6+ Kf7 48. Ke3 Bg2 49. Bxc5 Kf6 50. Ba3 Ne5 51. Bb2 Bxh3 52. Bxe5+
Kxe5 53. f6 Be6 54. Be8 Kxf6 55. Kd4 g4 56. c5 Ke7 57. Bc6 g3 58. Ke3 h5 59.
Kf3 h4 60. Kg2 Kd8 0-1

[Event "7. Rilton Cup 2007/2008"]
[Site "Stockholm SWE"]
[Date "2007.12.30"]
[Round "4.22"]
[White "Dimitrijevic, Radmilo"]
[Black "Naslund, Mikael"]
[Result "1/2-1/2"]
[WhiteElo "2070"]
[BlackElo "2310"]
[PlyCount "63"]
[EventDate "2007.12.27"]
[EventType "swiss"]
[EventRounds "9"]
[EventCountry "SWE"]
[Source "lmi"]
[SourceDate "2008.12.27"]

1. e4 c5 2. Nc3 e6 3. g3 d5 4. exd5 exd5 5. d4 cxd4 6. Qxd4 Nf6 7. Bg5 Be7 8.
O-O-O Nc6 9. Qa4 Be6 10. Bg2 O-O 11. Nge2 Qb6 12. Be3 Bc5 13. Bxc5 Qxc5 14. Nd4
a6 15. Nce2 b5 16. Qb3 Na5 17. Qc3 Nc4 18. Nf4 Bd7 19. Nb3 Qxf2 20. Bxd5 Nxd5
21. Nxd5 Bh3 22. Qd4 Qxd4 23. Nxd4 h6 24. b3 Ne5 25. Rhe1 f6 26. Nf4 Bg4 27.
Rd2 Rad8 28. h3 Rxd4 29. Rxd4 Nf3 30. hxg4 Nxd4 31. c3 Nc6 32. Re6 1/2-1/2

[Event "7. Rilton Cup 2007/2008"]
[Site "Stockholm SWE"]
[Date "2007.12.30"]
[Round "4.23"]
[White "Bejtovic, Jasmin"]
[Black "Lissang, Christopher"]
[Result "1-0"]
[WhiteElo "2307"]
[BlackElo "2080"]
[PlyCount "57"]
[EventDate "2007.12.27"]
[EventType "swiss"]
[EventRounds "9"]
[EventCountry "SWE"]
[Source "lmi"]
[SourceDate "2008.12.27"]

1. e4 c5 2. Nf3 d6 3. d4 cxd4 4. Nxd4 Nf6 5. Nc3 Nc6 6. Bc4 Qb6 7. Nb3 e6 8.
O-O a6 9. a4 Be7 10. Be2 Qc7 11. f4 O-O 12. Be3 b6 13. Kh1 Rb8 14. Qd2 Bb7 15.
Bf3 Rfe8 16. Qf2 Nd7 17. Rad1 Bf8 18. f5 Nce5 19. Nd4 Nxf3 20. Qxf3 Ne5 21. Qg3
Bc6 22. f6 g6 23. Nf3 Nxf3 24. Rxf3 e5 25. Qh4 Bd7 26. Bh6 Kh8 27. Bxf8 Rxf8
28. Qh6 Rg8 29. Rdd3 1-0

[Event "7. Rilton Cup 2007/2008"]
[Site "Stockholm SWE"]
[Date "2007.12.30"]
[Round "4.24"]
[White "Akdag, Dara"]
[Black "Hess, Christian-Mathias"]
[Result "1-0"]
[WhiteElo "2042"]
[BlackElo "2281"]
[PlyCount "95"]
[EventDate "2007.12.27"]
[EventType "swiss"]
[EventRounds "9"]
[EventCountry "SWE"]
[Source "lmi"]
[SourceDate "2008.12.27"]

1. d4 e6 2. c4 b6 3. a3 Bb7 4. Nc3 f5 5. Nf3 Nf6 6. g3 Ne4 7. Qc2 Be7 8. Bg2
Nxc3 9. Qxc3 Bf6 10. O-O O-O 11. b4 Nc6 12. Bb2 Ne7 13. Nd2 Bxg2 14. Kxg2 g5
15. e4 Ng6 16. f3 c5 17. Qd3 f4 18. Nb3 cxd4 19. Bxd4 Bxd4 20. Qxd4 Qf6 21.
Qxf6 Rxf6 22. g4 h5 23. h3 Kg7 24. a4 Ne5 25. c5 Nc4 26. Kf2 hxg4 27. hxg4 Rh6
28. Rh1 Rah8 29. Rxh6 Rxh6 30. cxb6 axb6 31. Ke2 Rh2+ 32. Kd3 Ne5+ 33. Kc3 Rf2
34. Nd4 Nxf3 35. a5 bxa5 36. bxa5 Nxd4 37. Kxd4 Rd2+ 38. Kc3 Rh2 39. a6 Rh8 40.
Kb4 Kf6 41. Ra5 d6 42. a7 Ra8 43. Kc4 d5+ 44. exd5 exd5+ 45. Kxd5 f3 46. Kc6
Rxa7 47. Rxa7 f2 48. Ra8 1-0

[Event "7. Rilton Cup 2007/2008"]
[Site "Stockholm SWE"]
[Date "2007.12.30"]
[Round "4.25"]
[White "Dede, Erno"]
[Black "Meskovs, Nikita"]
[Result "0-1"]
[WhiteElo "2273"]
[BlackElo "2085"]
[PlyCount "88"]
[EventDate "2007.12.27"]
[EventType "swiss"]
[EventRounds "9"]
[EventCountry "SWE"]
[Source "lmi"]
[SourceDate "2008.12.27"]

1. e4 c5 2. b3 b6 3. Bb2 Bb7 4. Nc3 Nc6 5. Nf3 e6 6. d4 cxd4 7. Nxd4 Bc5 8.
Ndb5 Qb8 9. Nd5 exd5 10. Bxg7 Qf4 11. Qf3 Qh4 12. Bxh8 f6 13. O-O-O Ne5 14. Qg3
Qh6+ 15. Kb1 Kf7 16. exd5 Ne7 17. b4 Nf5 18. Qb3 Bd6 19. Bd3 a6 20. Bxf5 axb5
21. Bd3 Rxh8 22. Bxb5 Rc8 23. Rd4 Qg5 24. g3 Qh5 25. f4 Qg4 26. h3 Qf3 27. Rf1
Qg2 28. fxe5 Bxe5 29. Rdd1 Rc3 30. Qa4 Bxd5 31. Rfe1 Qxg3 32. Bd3 Be6 33. Qa8
Ke7 34. Bxh7 Ra3 35. Qc8 Bxa2+ 36. Kc1 Be6 37. Rxe5 Qxe5 38. Bd3 Ra1+ 39. Kd2
Qf4+ 40. Ke1 Qg3+ 41. Kd2 Qf4+ 42. Ke1 Qxb4+ 43. c3 Qh4+ 44. Kd2 Qf2+ 0-1

[Event "7. Rilton Cup 2007/2008"]
[Site "Stockholm SWE"]
[Date "2007.12.31"]
[Round "5.3"]
[White "Cicak, Slavko"]
[Black "Cramling, Pia"]
[Result "1/2-1/2"]
[WhiteElo "2569"]
[BlackElo "2531"]
[PlyCount "61"]
[EventDate "2007.12.27"]
[EventType "swiss"]
[EventRounds "9"]
[EventCountry "SWE"]
[Source "lmi"]
[SourceDate "2008.12.27"]

1. e4 c5 2. Bc4 e6 3. Qe2 Nc6 4. Nf3 a6 5. c3 Be7 6. Bb3 d5 7. d3 Nf6 8. e5 Nd7
9. d4 b5 10. O-O Qb6 11. Be3 a5 12. Qd2 Ba6 13. Rc1 O-O 14. Bc2 f6 15. exf6
Nxf6 16. Qe1 Rae8 17. Nbd2 Bd6 18. dxc5 Bxc5 19. Nb3 Bxe3 20. Qxe3 Qxe3 21.
fxe3 Nd7 22. Bd3 e5 23. e4 a4 24. exd5 Ne7 25. Nbd2 Nc5 26. Bc2 Nxd5 27. Re1 b4
28. c4 Nf4 29. Re3 Bb7 30. Rae1 Rd8 31. Ne4 1/2-1/2

[Event "7. Rilton Cup 2007/2008"]
[Site "Stockholm SWE"]
[Date "2007.12.31"]
[Round "5.4"]
[White "Berg, Emanuel"]
[Black "Carlsson, Pontus"]
[Result "1-0"]
[WhiteElo "2593"]
[BlackElo "2481"]
[PlyCount "49"]
[EventDate "2007.12.27"]
[EventType "swiss"]
[EventRounds "9"]
[EventCountry "SWE"]
[Source "lmi"]
[SourceDate "2008.12.27"]

1. e4 c5 2. Nc3 Nc6 3. f4 g6 4. Nf3 Bg7 5. Bb5 Nd4 6. O-O Nxb5 7. Nxb5 d5 8. e5
Bg4 9. d4 a6 10. Nc3 cxd4 11. Qxd4 Bxf3 12. Rxf3 e6 13. Na4 b5 14. Nc5 Ne7 15.
a4 O-O 16. Qf2 Nc6 17. Rc3 Qe7 18. Nb3 Qb7 19. Be3 b4 20. Nc5 Qc7 21. Rd3 Rfb8
22. Nb3 Na5 23. Nxa5 Qxa5 24. Bd4 Rc8 25. Bb6 1-0

[Event "7. Rilton Cup 2007/2008"]
[Site "Stockholm SWE"]
[Date "2007.12.31"]
[Round "5.6"]
[White "Berczes, David"]
[Black "Fontaine, Robert"]
[Result "1-0"]
[WhiteElo "2430"]
[BlackElo "2562"]
[PlyCount "89"]
[EventDate "2007.12.27"]
[EventType "swiss"]
[EventRounds "9"]
[EventCountry "SWE"]
[Source "lmi"]
[SourceDate "2008.12.27"]

1. d4 Nf6 2. c4 g6 3. Nc3 Bg7 4. e4 d6 5. Nf3 O-O 6. Be2 Bg4 7. Be3 Nfd7 8. Rc1
c5 9. d5 Na6 10. O-O Nc7 11. b3 a6 12. h3 Bxf3 13. Bxf3 b5 14. Be2 Nb6 15. Qd2
b4 16. Nd1 e6 17. Bg5 f6 18. Bh4 Qd7 19. Ne3 exd5 20. cxd5 Rae8 21. Qc2 Nb5 22.
Nc4 Nxd5 23. Nxd6 Nd4 24. Qc4 Qxd6 25. Bd3 f5 26. Qxd5+ Qxd5 27. exd5 h6 28. f4
Ne2+ 29. Bxe2 Rxe2 30. d6 Bd4+ 31. Kh1 g5 32. fxg5 Rd8 33. Bg3 Kh7 34. gxh6 Rg8
35. Rce1 Rxa2 36. Re7+ Kxh6 37. d7 Bf6 38. Re6 Kg7 39. Rxf5 Bd4 40. Rg5+ Kf7
41. Rxg8 Kxe6 42. d8=Q Ra1+ 43. Be1 Rxe1+ 44. Kh2 Be5+ 45. g3 1-0

[Event "7. Rilton Cup 2007/2008"]
[Site "Stockholm SWE"]
[Date "2007.12.31"]
[Round "5.7"]
[White "Smith, Axel"]
[Black "Agrest, Evgenij"]
[Result "0-1"]
[WhiteElo "2384"]
[BlackElo "2541"]
[PlyCount "86"]
[EventDate "2007.12.27"]
[EventType "swiss"]
[EventRounds "9"]
[EventCountry "SWE"]
[Source "lmi"]
[SourceDate "2008.12.27"]

1. d4 Nf6 2. c4 c5 3. d5 e5 4. Nc3 d6 5. e4 Be7 6. Bd3 Nbd7 7. f3 a6 8. Nge2
Nh5 9. g4 Bh4+ 10. Kd2 Nf4 11. Nxf4 exf4 12. Kc2 Qf6 13. Qd2 g5 14. b3 Ne5 15.
Qe2 Bd7 16. Bb2 h5 17. h3 Ke7 18. Na4 Rh6 19. Qd2 hxg4 20. hxg4 Rah8 21. Qg2
Bg3 22. Rxh6 Rxh6 23. Rh1 Rh4 24. Rxh4 gxh4 25. Bf1 Qh8 26. Qd2 h3 27. Bxe5
Qxe5 28. Qc3 Qxc3+ 29. Nxc3 h2 30. Bg2 Bf2 31. Kd3 Kf6 32. Nb1 Be1 33. Nd2 Bxd2
34. Kxd2 Kg5 35. a4 b5 36. cxb5 axb5 37. a5 Bc8 38. Ke2 Kf6 39. Kd2 b4 40. Ke2
Ke5 41. g5 Kd4 42. Kd2 c4 43. bxc4 Kxc4 0-1

[Event "7. Rilton Cup 2007/2008"]
[Site "Stockholm SWE"]
[Date "2007.12.31"]
[Round "5.8"]
[White "Ivanov, Sergey"]
[Black "Ernst, Thomas"]
[Result "1-0"]
[WhiteElo "2537"]
[BlackElo "2450"]
[PlyCount "87"]
[EventDate "2007.12.27"]
[EventType "swiss"]
[EventRounds "9"]
[EventCountry "SWE"]
[Source "lmi"]
[SourceDate "2008.12.27"]

1. d4 Nf6 2. Nf3 g6 3. c4 Bg7 4. Nc3 d5 5. cxd5 Nxd5 6. e4 Nxc3 7. bxc3 c5 8.
Be3 Qa5 9. Bd2 O-O 10. Be2 Bg4 11. O-O e6 12. a4 Nc6 13. Rb1 Qc7 14. d5 exd5
15. exd5 Na5 16. c4 Bxf3 17. Bxa5 Qxa5 18. Bxf3 b6 19. d6 Rad8 20. Bc6 Qc3 21.
Qd5 Qd4 22. Rbd1 Qxd5 23. Rxd5 Bf6 24. Re1 Rc8 25. Bb5 Rfd8 26. g3 Kg7 27. Kg2
Kf8 28. d7 Rb8 29. f4 h6 30. g4 Be7 31. Rde5 Bd6 32. Re8+ Kg7 33. Kf3 Kf6 34.
h4 Bc7 35. g5+ hxg5 36. hxg5+ Kg7 37. Ke4 a6 38. Bc6 Bd6 39. f5 gxf5+ 40. Kxf5
Bc7 41. g6 fxg6+ 42. Kg5 Bd6 43. R1e6 Bf8 44. Rxg6+ 1-0

[Event "7. Rilton Cup 2007/2008"]
[Site "Stockholm SWE"]
[Date "2007.12.31"]
[Round "5.11"]
[White "Farago, Ivan"]
[Black "Niemi, Mikko"]
[Result "1-0"]
[WhiteElo "2505"]
[BlackElo "2188"]
[PlyCount "107"]
[EventDate "2007.12.27"]
[EventType "swiss"]
[EventRounds "9"]
[EventCountry "SWE"]
[Source "lmi"]
[SourceDate "2008.12.27"]

1. d4 f5 2. g3 Nf6 3. Bg2 g6 4. c4 Bg7 5. Nc3 O-O 6. Nf3 d6 7. O-O c6 8. d5 e5
9. dxe6 Bxe6 10. b3 Na6 11. Bb2 Nc5 12. Ng5 Qe7 13. Qc2 Rfe8 14. Rad1 Rad8 15.
Nxe6 Qxe6 16. Rfe1 Nfe4 17. Nxe4 Nxe4 18. Bxg7 Kxg7 19. Rd4 Nf6 20. e3 Rd7 21.
Red1 Qe5 22. b4 Red8 23. h3 h5 24. b5 cxb5 25. cxb5 d5 26. Qa4 b6 27. Rc1 Kh7
28. Rc6 Ne4 29. Qd1 Nf6 30. a4 Qe7 31. Bf3 Ne4 32. Bxh5 Rd6 33. Bf3 Nf6 34. Qc2
Kg7 35. h4 Qe6 36. Rd3 Qe5 37. Rxd6 Qxd6 38. Rc3 Rd7 39. h5 Qe5 40. hxg6 Kxg6
41. Rc6 d4 42. Qd3 Kg7 43. exd4 Rxd4 44. Qc3 Ng4 45. Bxg4 fxg4 46. Rc4 Rd1+ 47.
Kg2 Qxc3 48. Rxc3 Kf6 49. Rc4 Kf5 50. Rc7 Ke5 51. Rxa7 Ra1 52. Ra6 Kd5 53. Rxb6
Rxa4 54. Rf6 1-0

[Event "7. Rilton Cup 2007/2008"]
[Site "Stockholm SWE"]
[Date "2007.12.31"]
[Round "5.13"]
[White "Lindberg, Bengt"]
[Black "Bejtovic, Jasmin"]
[Result "1/2-1/2"]
[WhiteElo "2439"]
[BlackElo "2307"]
[PlyCount "87"]
[EventDate "2007.12.27"]
[EventType "swiss"]
[EventRounds "9"]
[EventCountry "SWE"]
[Source "lmi"]
[SourceDate "2008.12.27"]

1. e4 c5 2. Nf3 Nc6 3. d4 cxd4 4. Nxd4 g6 5. c4 Nf6 6. Nc3 Nxd4 7. Qxd4 d6 8.
Bg5 Bg7 9. Qd2 O-O 10. Bd3 Be6 11. O-O Nd7 12. Rac1 a5 13. b3 Nc5 14. Bb1 Bd7
15. Rce1 Bc6 16. Nd5 Re8 17. Kh1 b5 18. f4 bxc4 19. bxc4 Rb8 20. e5 Bxd5 21.
cxd5 dxe5 22. fxe5 Rxb1 23. Rxb1 Ne4 24. Qe3 Nxg5 25. Qxg5 Qxd5 26. a4 Qxe5 27.
Qd2 Ra8 28. Qd7 Bf6 29. Rb5 Qe2 30. Rfb1 Qc2 31. Rd1 Kg7 32. Rbd5 h5 33. Qb5 h4
34. h3 Qf2 35. Rf1 Qg3 36. Rd3 Qc7 37. Rd7 Qg3 38. Rf3 Qe1+ 39. Rf1 Qg3 40. Rd3
Qc7 41. Rd5 Qg3 42. Qc4 Ra7 43. Qe4 Qc3 44. Qb1 1/2-1/2

[Event "7. Rilton Cup 2007/2008"]
[Site "Stockholm SWE"]
[Date "2007.12.31"]
[Round "5.15"]
[White "Berczes, Csaba"]
[Black "Akdag, Dara"]
[Result "1/2-1/2"]
[WhiteElo "2419"]
[BlackElo "2042"]
[PlyCount "104"]
[EventDate "2007.12.27"]
[EventType "swiss"]
[EventRounds "9"]
[EventCountry "SWE"]
[Source "lmi"]
[SourceDate "2008.12.27"]

1. Nf3 Nf6 2. g3 d5 3. Bg2 c6 4. O-O Bg4 5. d3 Nbd7 6. Nbd2 e6 7. h3 Bh5 8. c4
Be7 9. b3 O-O 10. Bb2 b5 11. cxb5 cxb5 12. Rc1 Qb6 13. Qc2 a5 14. Qc7 Qxc7 15.
Rxc7 Rfc8 16. Rfc1 Rxc7 17. Rxc7 Bd6 18. Rc6 Bf8 19. g4 Bg6 20. a3 Ne8 21. Nd4
Nd6 22. f4 h5 23. f5 exf5 24. gxf5 Nxf5 25. Rxg6 Bc5 26. Bxd5 Rd8 27. e3 Nxe3
28. Rxg7+ Kxg7 29. Ne6+ Kg8 30. Nxd8 Nxd5+ 31. d4 Bb6 32. Nb7 Ne5 33. Nd6 Nd3
34. Ba1 b4 35. N6c4 Bc7 36. axb4 axb4 37. Kf1 N3f4 38. h4 Bd8 39. Nf3 Ng6 40.
Bb2 Nxh4 41. Nxh4 Bxh4 42. Bc1 f5 43. Ne3 Nxe3+ 44. Bxe3 Kf7 45. d5 Be7 46. Bf4
Ke8 47. Kg2 Kd7 48. Bd2 Bd6 49. Be1 Ke7 50. Bh4+ Kf7 51. Kf3 Kg6 52. Bd8 Kf7
1/2-1/2

[Event "7. Rilton Cup 2007/2008"]
[Site "Stockholm SWE"]
[Date "2007.12.31"]
[Round "5.16"]
[White "Jiretorn, Eva"]
[Black "Furhoff, Johan"]
[Result "1-0"]
[WhiteElo "2121"]
[BlackElo "2392"]
[PlyCount "107"]
[EventDate "2007.12.27"]
[EventType "swiss"]
[EventRounds "9"]
[EventCountry "SWE"]
[Source "lmi"]
[SourceDate "2008.12.27"]

1. d4 Nf6 2. c4 e6 3. Nf3 d5 4. g3 dxc4 5. Qa4+ Nbd7 6. Qxc4 a6 7. Bg2 b5 8.
Qd3 Bb7 9. O-O c5 10. a4 c4 11. Qc2 Rc8 12. axb5 axb5 13. Bd2 Be4 14. Qd1 b4
15. Ra7 Be7 16. Qa4 Bc6 17. Qa6 O-O 18. Rc1 Be4 19. Be1 Bd5 20. Nbd2 c3 21.
bxc3 Rxc3 22. Ra1 b3 23. e4 b2 24. Rb1 Ra3 25. Qxa3 Bxa3 26. exd5 Bb4 27. dxe6
fxe6 28. Rxb2 Nd5 29. h4 N7b6 30. Rc2 Qb8 31. Ra1 Rc8 32. Rxc8+ Qxc8 33. Bh3 h6
34. Nb3 Bc3 35. Rc1 Qc4 36. Nc5 Qb4 37. Bxe6+ Kf8 38. Bxc3 Nxc3 39. Re1 Ke7 40.
Bg4+ Kd8 41. Ne6+ Kc8 42. Nxg7+ Kb7 43. Ne6 Nbd5 44. Nc5+ Kb6 45. Re6+ Kb5 46.
Bf5 Qb2 47. Bd3+ Kb4 48. Bf1 Qb1 49. Re8 Qd1 50. Kg2 Ka5 51. Re6 h5 52. Ne5 Nb1
53. Nc6+ Kb6 54. Nb4+ 1-0

[Event "7. Rilton Cup 2007/2008"]
[Site "Stockholm SWE"]
[Date "2007.12.31"]
[Round "5.18"]
[White "Karlsson, Tomas"]
[Black "Nyysti, Sampsa"]
[Result "0-1"]
[WhiteElo "2249"]
[BlackElo "2364"]
[PlyCount "86"]
[EventDate "2007.12.27"]
[EventType "swiss"]
[EventRounds "9"]
[EventCountry "SWE"]
[Source "lmi"]
[SourceDate "2008.12.27"]

1. e4 e5 2. Nf3 Nc6 3. Bb5 a6 4. Ba4 Nf6 5. O-O Be7 6. Re1 b5 7. Bb3 d6 8. c3
O-O 9. h3 Na5 10. Bc2 c5 11. d4 Bb7 12. Nbd2 cxd4 13. cxd4 Nc6 14. d5 Nb4 15.
Bb1 a5 16. Nf1 Qd7 17. Bd2 Bd8 18. Bxb4 axb4 19. Bd3 Bb6 20. Qe2 Ra5 21. N3d2
Rfa8 22. Nb3 Rxa2 23. Bxb5 Qd8 24. Rxa2 Rxa2 25. Rc1 g6 26. Rc2 h5 27. Nfd2 h4
28. Nc1 Ra1 29. Ndb3 Ra8 30. Nd3 Nh5 31. Qf3 Ba7 32. Kh2 Qb6 33. Bd7 Kg7 34.
Qe2 Ba6 35. Qf3 Rd8 36. Ba4 Rc8 37. Rxc8 Bxc8 38. Be8 Nf6 39. Ba4 Ba6 40. Nbc1
Qd4 41. Bc2 Nxe4 42. Ne2 Qc4 43. Nxe5 dxe5 0-1

[Event "7. Rilton Cup 2007/2008"]
[Site "Stockholm SWE"]
[Date "2007.12.31"]
[Round "5.20"]
[White "Stokke, Kjetil"]
[Black "Luukkonen, Tommi"]
[Result "1/2-1/2"]
[WhiteElo "2372"]
[BlackElo "2238"]
[PlyCount "84"]
[EventDate "2007.12.27"]
[EventType "swiss"]
[EventRounds "9"]
[EventCountry "SWE"]
[Source "lmi"]
[SourceDate "2008.12.27"]

1. c4 g6 2. Nc3 Bg7 3. g3 d6 4. Bg2 e5 5. d3 c6 6. e4 Ne7 7. Nge2 O-O 8. O-O
Na6 9. d4 exd4 10. Nxd4 Nc5 11. Bf4 a5 12. Qd2 a4 13. Rad1 Ne6 14. Be3 Qa5 15.
Nxe6 Bxe6 16. Qxd6 Rfe8 17. Qa3 Bxc4 18. Rfe1 b6 19. f4 Bf8 20. b4 axb3 21.
Qxa5 bxa5 22. axb3 Bxb3 23. Ra1 a4 24. Bc5 Red8 25. Rec1 Rd2 26. Rcb1 Bc2 27.
Rb2 Nf5 28. Bxf8 Ne3 29. Bf3 Kxf8 30. Rxa4 Rxa4 31. Nxa4 Nc4 32. Rb4 Nd6 33.
Nc5 Nb5 34. Rc4 Nd4 35. Rc3 f6 36. e5 Nxf3+ 37. Rxf3 fxe5 38. fxe5+ Ke7 39. Rf6
Rd5 40. Re6+ Kf7 41. Rf6+ Ke7 42. Re6+ Kf7 1/2-1/2

[Event "7. Rilton Cup 2007/2008"]
[Site "Stockholm SWE"]
[Date "2007.12.31"]
[Round "5.23"]
[White "Naslund, Mikael"]
[Black "Holving, Rasmus"]
[Result "0-1"]
[WhiteElo "2310"]
[BlackElo "2210"]
[PlyCount "128"]
[EventDate "2007.12.27"]
[EventType "swiss"]
[EventRounds "9"]
[EventCountry "SWE"]
[Source "lmi"]
[SourceDate "2008.12.27"]

1. d4 Nf6 2. c4 e6 3. g3 d5 4. Bg2 Nbd7 5. Nf3 c6 6. Qc2 Bd6 7. O-O O-O 8. Bf4
Qc7 9. Bxd6 Qxd6 10. cxd5 exd5 11. Nc3 Re8 12. Nh4 Nf8 13. a3 Ng6 14. Nxg6 hxg6
15. b4 Bf5 16. Qd2 Qe6 17. Rfe1 Ne4 18. Nxe4 dxe4 19. e3 Bg4 20. Rec1 Rad8 21.
Rc5 Rd5 22. Rac1 g5 23. Qb2 a6 24. a4 Ra8 25. Qc2 Bf3 26. Rxd5 cxd5 27. Qc7 Kh7
28. Qxb7 Rh8 29. Bf1 Qf5 30. Rc7 Kg6 31. Qc6+ f6 32. b5 g4 33. Qd7 Qxd7 34.
Rxd7 axb5 35. axb5 Ra8 36. h3 gxh3 37. Bxh3 Ra1+ 38. Bf1 Be2 39. Rxd5 Bxf1 40.
Kh2 Be2 41. b6 Rb1 42. g4 Bxg4 43. Kg3 Bf3 44. Rd6 Kf5 45. Rc6 g5 46. Rc5+ Kg6
47. Rc6 Rb5 48. Re6 Kf7 49. Rd6 Ke7 50. Rc6 Bh5 51. Rc7+ Kd6 52. Rb7 Be8 53.
Kg4 Bd7+ 54. Kh5 Rb2 55. Ra7 Rxb6 56. Kg6 Ke7 57. Ra2 Rb5 58. Rc2 Ke6 59. Ra2
Rf5 60. Rc2 g4 61. Ra2 Rf3 62. Re2 g3 63. fxg3 Rxg3+ 64. Kh5 Kf7 0-1